000 00742nas a2200241 4500
001 BR9204600
003 BR-BrBNA
005 20231205092743.0
007 ta
008 230509b bl.|||p| |||| 00| 00por d
040 _aBR-BrBNA
_bpor
_cBiblioteca Nacional de Agricultura
041 _a(Pt)
072 _aL70
100 1 _aOliveira, N.R.M. de
100 1 _aFigueiro, P.R.P.
245 1 _aAlguns fatores que afetam o peso de velo limpo em ovelhas corriedale
650 _aOVELHA
650 _aANALISE DE LABORATORIO
650 _aVETERINARIA
773 0 _tRevista do Centro de Ciencias Rurais (Brazil)
_xISSN 0085-5901
_g(Dec 1978), v. 8(4) p. 337-345
_wBR9204600
909 _a202311
_bLúcia
_c55
_dLúcia Elande
942 _2AGRIS
_n0
_cANA
999 _c133926
_d133926